000 00634nam a22002057a 4500
999 _c15405
_d15405
003 AR-CdUCM
008 190425b ||||| |||| 00| 0 spa d
020 _a978-84-9825-743-4
040 _aMUNICIPALIDAD PROVINCIAL DEL CUSCO
_cBIBLIOTECA MUNICIPAL DEL CUSCO
082 _aPI / 376.1 /
_bG19
100 _aGanses, Montse.
_934467
245 _aSoy bombero /
260 _aBarcelona :
_bCombel,
_c2012.
300 _bIlustraciones
_c22 cm.
_a23 páginas ;
440 _aAcción trabajamos.
_934468
650 _aLiteratura infantil
_9588
700 _aInaraja, Christian.
_933886
942 _2ddc
_cLIBROS
945 _arum
_d2019-04-27